5HLuxD.jpg

KING HENRY VIII SENIOR AND PRIMARY SCHOOL LIBRARY OPAC

Staying with Gran / (Record no. 2531)

000 -LEADER
fixed length control field 01213cam a2200361 a 4500
001 - CONTROL NUMBER
control field 016279738
003 - CONTROL NUMBER IDENTIFIER
control field UkOxU
005 - DATE AND TIME OF LATEST TRANSACTION
control field 20230710110530.0
008 - FIXED-LENGTH DATA ELEMENTS--GENERAL INFORMATION
fixed length control field 030206s2003 enka j 000 1 eng
015 ## - NATIONAL BIBLIOGRAPHY NUMBER
National bibliography number GBA3Y0353
016 ## - NATIONAL BIBLIOGRAPHIC AGENCY CONTROL NUMBER
Record control number 0749649194
Source Uk
020 ## - INTERNATIONAL STANDARD BOOK NUMBER
International Standard Book Number 9780749649197 (pbk.)
035 ## - SYSTEM CONTROL NUMBER
System control number (Uk)gb A30Y0353
035 ## - SYSTEM CONTROL NUMBER
System control number 808502
035 ## - SYSTEM CONTROL NUMBER
System control number (StEdNL)3562383
035 ## - SYSTEM CONTROL NUMBER
System control number (UkLCURL)703562383
038 ## - RECORD CONTENT LICENSOR
Record content licensor Uk
040 ## - CATALOGING SOURCE
Original cataloging agency StDuBDS
Transcribing agency StDuBDS
Modifying agency Uk
-- KH8
049 ## - LOCAL HOLDINGS (OCLC)
Local processing data b
082 04 - DEWEY DECIMAL CLASSIFICATION NUMBER
Classification number 823.914 BRU
Edition number 21
100 1# - MAIN ENTRY--PERSONAL NAME
Personal name Bruce, Lisa.
Relator term Author
245 10 - TITLE STATEMENT
Title Staying with Gran /
Statement of responsibility, etc. Lisa Bruce & Susie Jenkin-Pearce.
260 ## - PUBLICATION, DISTRIBUTION, ETC.
Place of publication, distribution, etc. London :
Name of publisher, distributor, etc. Franklin Watts,
Date of publication, distribution, etc. 2003.
300 ## - PHYSICAL DESCRIPTION
Extent [24] p. :
Other physical details chiefly col. ill. ;
Dimensions 21 cm.
500 ## - GENERAL NOTE
General note Published in association with the Early Childhood Centre, Froebel Institute College, Roehampton Institute.
500 ## - GENERAL NOTE
General note Originally published: as Staying the night, 1997.
650 #0 - SUBJECT ADDED ENTRY--TOPICAL TERM
Topical term or geographic name entry element Grandmothers
Form subdivision Pictorial works
-- Juvenile fiction.
650 #0 - SUBJECT ADDED ENTRY--TOPICAL TERM
Topical term or geographic name entry element Grandparent and child
Form subdivision Pictorial works
-- Juvenile fiction.
700 1# - ADDED ENTRY--PERSONAL NAME
Personal name Jenkin-Pearce, Susie.
Relator term Author
710 2# - ADDED ENTRY--CORPORATE NAME
Corporate name or jurisdiction name as entry element Early Childhood Centre (Froebel Institute College).
830 #0 - SERIES ADDED ENTRY--UNIFORM TITLE
Uniform title Me and my world
942 ## - ADDED ENTRY ELEMENTS (KOHA)
Source of classification or shelving scheme
Koha item type Books
Holdings
Withdrawn status Lost status Source of classification or shelving scheme Damaged status Not for loan Collection code Permanent Location Current Location Shelving location Date acquired Total Checkouts Full call number Barcode Date last seen Date last checked out Price effective from Koha item type
          Fiction KH8 Primary School Library KH8 Primary School Library Non Fiction 2023-07-10 17 823.914 BRU KHPL000004268 2025-12-09 2025-11-21 2023-07-10 Books

Powered By KH8 IT Dept